Statistics for Οι 10 μεγαλύτερες χώρες της Ασίας

Click here to take the quiz!

General Stats

  • This quiz has been taken 353 times
  • The average score is 9 of 10

Answer Stats

ΘέσηΈκταση (τ.χλμ)Χώρα% Correct
2.9.596.960Κίνα
100%
3.3.287.263Ινδία
96%
1.13.100.000Ρωσία
95%
7.1.648.195Ιράν
85%
4.2.724.900Καζακστάν
83%
8.1.566.000Μογγολία
83%
9.881.913Πακιστάν
81%
10.783.356Τουρκία
79%
6.1.904.569Ινδονησία
78%
5.2.149.690Σαουδική Αραβία
77%

Score Distribution

Percentile by Number Answered

Percent of People with Each Score

Your Score History

You have not taken this quiz